000 00645nam a22002057a 4500
005 20251108170532.0
008 250721s1999 xx 000 0 ara d
082 1 4 _aط/ق/شتا
100 1 _aشتاين، ر.ل.
245 1 0 _aسحر الأدغال /
264 1 _aالقاهره :
_bدار نهضة مصر للطباعة و التوزيع و النشر،
_c1999.
300 _a126ص
490 0 _aسلسلة صرخة الرعب ؛ 11
650 1 7 _aأدب الأطفال
650 1 7 _aالروايات
650 1 7 _aالقصص العربية
700 1 _aعبد الله، رجاء
_eترجمة
942 _2ddc
_cBK
999 _c42892
_d42892